SBC05 contract adminstration guide (Record no. 106191)

MARC details
000 -LEADER
fixed length control field 01463cam a2200265 4500
001 - CONTROL NUMBER
control field L135758
008 - FIXED-LENGTH DATA ELEMENTS--GENERAL INFORMATION
fixed length control field 061208n2006 000 0 eng u
020 ## - INTERNATIONAL STANDARD BOOK NUMBER
International Standard Book Number 1859462405
-- 9781859462409
035 ## - SYSTEM CONTROL NUMBER
System control number (Sirsi) u135758
041 0# - LANGUAGE CODE
Language code of text/sound track or separate title eng
050 04 - LIBRARY OF CONGRESS CALL NUMBER
Classification number 692.8 $2 18
245 00 - TITLE STATEMENT
Title SBC05 contract adminstration guide
Remainder of title completing the contract and administration guide
260 ## - PUBLICATION, DISTRIBUTION, ETC.
Place of publication, distribution, etc. London
Name of publisher, distributor, etc. RIBA Publications
Date of publication, distribution, etc. 2006
300 ## - PHYSICAL DESCRIPTION
Extent 56p.
Dimensions 30cm.
350 ## - PRICE (NR) (BK AM CF MU VM SE) [OBSOLETE]
Price 20
505 2# - FORMATTED CONTENTS NOTE
Formatted contents note Preparing and completing the form of contract -- Recitals -- Articles -- Contract particulars -- The RIBA contract administration forms -- Clerk of works direction -- Architects contract administrator's instruction -- Interim certificate -- Statement of retention -- Statement of partial possession by the employer -- Notification of revision to completion date -- Non-completion certificate -- Practical completion certificate -- Section completion certificate -- Certificate of making good -- Final certificate
520 ## - SUMMARY, ETC.
Summary, etc. Intended to accompany the range of contract administration forms for the JCT 2005 main contracts. Offers guidance on filling in articles, recitals and contracts, and includes worked examples and checklists.
590 ## - LOCAL NOTE (RLIN)
Local note KA
650 24 - SUBJECT ADDED ENTRY--TOPICAL TERM
Topical term or geographic name entry element JOINT CONTRACTS TRIBUNAL
651 #4 - SUBJECT ADDED ENTRY--GEOGRAPHIC NAME
Geographic name United Kingdom
Chronological subdivision
690 ## - LOCAL SUBJECT ADDED ENTRY--TOPICAL TERM (OCLC, RLIN)
Topical term or geographic name as entry element BUILT ENVIRONMENT-BUILDING CONTRACT FORMS-STANDARD FORMS OF BUILDING CONTRACT
700 1# - ADDED ENTRY--PERSONAL NAME
Personal name Chappell, David
Relator term Editor
942 ## - ADDED ENTRY ELEMENTS (KOHA)
Suppress in OPAC 0
Holdings
Withdrawn status Lost status Source of classification or shelving scheme Damaged status Not for loan Home library Current library Shelving location Date acquired Cost, normal purchase price Total Checkouts Full call number Barcode Date last seen Copy number Cost, replacement price Price effective from Koha item type
    Dewey Decimal Classification     London London Reference copy 26/01/2007 17.00   F 692.8 SBC 30073508 06/08/2019 3 17.00 06/08/2019 Book